Understanding our atmospheric environment / (Record no. 11600)

MARC details
000 -LEADER
fixed length control field 01034cam a2200313 i 4500
001 - CONTROL NUMBER
control field 3733530
003 - CONTROL NUMBER IDENTIFIER
control field EG-ScBUE
005 - DATE AND TIME OF LATEST TRANSACTION
control field 20260119100150.0
008 - FIXED-LENGTH DATA ELEMENTS--GENERAL INFORMATION
fixed length control field 810910t1982 caua f b 001 0 eng d
020 ## - INTERNATIONAL STANDARD BOOK NUMBER
International Standard Book Number 0716713489
040 ## - CATALOGING SOURCE
Original cataloging agency DLC
Language of cataloging eng
Description conventions rda
Transcribing agency DLC
Modifying agency DLC
-- EG-ScBUE
082 04 - DEWEY DECIMAL CLASSIFICATION NUMBER
Classification number 551.5
Edition number 22
Item number NEI
100 1# - MAIN ENTRY--PERSONAL NAME
Personal name Neiburger, Morris,
Relator term author.
9 (RLIN) 5056
245 10 - TITLE STATEMENT
Title Understanding our atmospheric environment /
Statement of responsibility, etc Morris Neiburger, James G. Edinger, William D. Bonner.
250 ## - EDITION STATEMENT
Edition statement Second edition.
264 #1 - PUBLICATION, DISTRIBUTION, ETC. (IMPRINT)
Place of publication, distribution, etc San Francisco :
Name of publisher, distributor, etc W.H. Freeman,
Date of publication, distribution, etc [1982]
264 #4 - PUBLICATION, DISTRIBUTION, ETC. (IMPRINT)
Date of publication, distribution, etc c1982
300 ## - PHYSICAL DESCRIPTION
Extent ix, 453 pages :
Other physical details illustrations ;
Dimensions 24 cm
336 ## - CONTENT TYPE
Source rdacontent
Content type term text
Content type code txt
337 ## - MEDIA TYPE
Media type term unmediated
Source rdamedia
Media type code n
338 ## - CARRIER TYPE
Carrier type term volume
Carrier type code nc
Source rdacarrier
504 ## - BIBLIOGRAPHY, ETC. NOTE
Bibliography, etc Includes bibliographical references and index.<br/>
650 #7 - SUBJECT ADDED ENTRY--TOPICAL TERM
Topical term or geographic name as entry element Meteorology.
Source of heading or term BUEsh
9 (RLIN) 5057
650 #7 - SUBJECT ADDED ENTRY--TOPICAL TERM
Topical term or geographic name as entry element Weather.
Source of heading or term BUEsh
9 (RLIN) 5058
655 ## - INDEX TERM--GENRE/FORM
Form subdivision Reading book
700 1# - ADDED ENTRY--PERSONAL NAME
Personal name Edinger, James G.,
Relator term author.
9 (RLIN) 5059
700 1# - ADDED ENTRY--PERSONAL NAME
Personal name Bonner, William D.,
Relator term author.
9 (RLIN) 5060
942 ## - ADDED ENTRY ELEMENTS (KOHA)
Source of classification or shelving scheme Dewey Decimal Classification
Koha item type Book - Borrowing
Holdings
Withdrawn status Lost status Source of classification or shelving scheme Damaged status Not for loan Collection code Home library Current library Shelving location Date acquired Source of acquisition Cost, normal purchase price Serial Enumeration / chronology Total Checkouts Full call number Barcode Date last seen Price effective from Koha item type
    Dewey Decimal Classification     Alahram Central Library Central Library First floor 24/05/2009   29.00 72   551.5 NEI 000016233 15/07/2025 24/05/2009 Book - Borrowing